| 000 -LEADER |
| fixed length control field |
00526nam a2200193 4500 |
| 008 - FIXED-LENGTH DATA ELEMENTS--GENERAL INFORMATION |
| fixed length control field |
210603b ||||| |||| 00| 0 hin d |
| 020 ## - INTERNATIONAL STANDARD BOOK NUMBER |
| International Standard Book Number |
81-7145-062-8 |
| Terms of availability |
Rs.100.00 |
| 041 0# - LANGUAGE CODE |
| Language code of text/sound track or separate title |
hin |
| 082 00 - DEWEY DECIMAL CLASSIFICATION NUMBER |
| Classification number |
891.43 |
| Item number |
B6661 |
| 100 ## - MAIN ENTRY--PERSONAL NAME |
| 9 (RLIN) |
4998 |
| Personal name |
Bodas, Nag |
| 245 10 - TITLE STATEMENT |
| Title |
Manifesto / |
|
| Title |
घोषणापत्र / |
| 250 ## - EDITION STATEMENT |
| Edition statement |
1et ed. |
| 260 ## - PUBLICATION, DISTRIBUTION, ETC. (IMPRINT) |
| Place of publication, distribution, etc |
Delhi : |
| Name of publisher, distributor, etc |
Sanmarg prakashan, |
| Date of publication, distribution, etc |
1995. |
| 300 ## - PHYSICAL DESCRIPTION |
| Extent |
168 p. |
| 365 ## - TRADE PRICE |
| Price amount |
INR 100.00 |
| 650 #0 - SUBJECT ADDED ENTRY--TOPICAL TERM |
| Topical term or geographic name as entry element |
Hindi fiction |
| 942 ## - ADDED ENTRY ELEMENTS (KOHA) |
| Source of classification or shelving scheme |
|
| Item type |
Books |